| 000 | 01985nam a2200265 i 4500 | ||
|---|---|---|---|
| 001 | Rebiun02802807 | ||
| 005 | 20260407155745.0 | ||
| 008 | 001219s2000 sp 001 0 spa c | ||
| 020 | _a9788478469345 | ||
| 040 |
_aSpMaUCCE _dAR-MoUNM |
||
| 082 | 0 |
_220 _a336 _bCARC 265 |
|
| 100 | 1 |
_aCárceles de Gea, Beatriz _913750 |
|
| 245 | 1 | 0 |
_aFraude y desobediencia fiscal en la Corona de Castilla en el siglo XVII : _b1621-1700 / _cBeatriz Cárceles de Gea. |
| 260 |
_aValladolid : _bJunta de Castilla y León. Consejería de Educación y Cultura, _cc2000. |
||
| 300 |
_a365 p. ; _c25 cm. |
||
| 490 | 0 | _a(Estudios de historia) | |
| 520 | 8 | _aEl punto de partida del estudio es el análisis del recurso de impuesto de los millones como una fórmula de la contribución universal que ofrece una saneada fuente de ingresos a la corona. Los «Millones» fueron durante los siglos XVI y XVII un impuesto indirecto sobre la alimentación impuesto por Felipe II, aprobado por las Cortes de Castilla el 4 de abril de 1590. Se aplicaba sobre el consumo de las seis especias: vino, vinagre, aceite, carne, jabón y velas de cebo, se renovaba de seis en seis meses. La autora no se interesa por el monto de los impuestos ni por su eficacia de cara a los apuros del monarca ni por los efectos sobre las distintas clases sociales ni sobre su impacto sobre la economía castellana. La autora trata de definir las consecuencias que pudo tener la propuesta hacendística de la corona sobre el contrato que fundamentaba la relación entre el rey y el reino , o dicho en otras palabras sobre la constitución interna que regulaba los derechos y deberes respectivos de la Monarquía y sus vasallos. | |
| 650 | 7 |
_2unescot _aHACIENDA PUBLICA _91785 |
|
| 650 | 7 |
_aRECURSOS FINANCIEROS _2unescot _9274 |
|
| 650 | 7 |
_2unescot _aDISTRIBUCION DEL INGRESO _9109 |
|
| 650 | 7 |
_2unescot _aCONFLICTO POLITICO _91672 |
|
| 650 | 7 |
_2unescot _aCRISIS POLITICA _92333 |
|
| 651 | 7 |
_aESPAÑA _2unescot _92861 |
|
| 942 | _cLIBRO | ||
| 999 |
_c9595 _d9596 |
||